Inclusive education/ (Record no. 11066)

MARC details
000 -LEADER
fixed length control field 00669nam a22002297a 4500
005 - DATE AND TIME OF LATEST TRANSACTION
control field 20201021110312.0
008 - FIXED-LENGTH DATA ELEMENTS--GENERAL INFORMATION
fixed length control field 201021b ||||| |||| 00| 0 eng d
020 ## - INTERNATIONAL STANDARD BOOK NUMBER
International Standard Book Number 9789389865134
040 ## - CATALOGING SOURCE
Transcribing agency CLNC
041 ## - LANGUAGE CODE
Language code of sung or spoken text English
082 ## - DEWEY DECIMAL CLASSIFICATION NUMBER
Classification number 371.9046
Item number SEN
100 ## - MAIN ENTRY--PERSONAL NAME
Personal name Sengupta, Indrani
Relator term Author
245 ## - TITLE STATEMENT
Title Inclusive education/
Statement of responsibility, etc. by Indrani Sengupta, Malina Basumatary and Abilupta Padmanathan Gohain
250 ## - EDITION STATEMENT
Edition statement 1st ed.
260 ## - PUBLICATION, DISTRIBUTION, ETC.
Place of publication, distribution, etc. Dibrugarh:
Name of publisher, distributor, etc. Banalata,
Date of publication, distribution, etc. 2020
300 ## - PHYSICAL DESCRIPTION
Extent 110p.
650 ## - SUBJECT ADDED ENTRY--TOPICAL TERM
Topical term or geographic name entry element Education
650 ## - SUBJECT ADDED ENTRY--TOPICAL TERM
Topical term or geographic name entry element Children with diverse needs
700 ## - ADDED ENTRY--PERSONAL NAME
Personal name Basumatary, Malina
Relator term Author
700 ## - ADDED ENTRY--PERSONAL NAME
Personal name Gohain, Abilupta Padmanathan
Relator term Author
942 ## - ADDED ENTRY ELEMENTS (KOHA)
Source of classification or shelving scheme Dewey Decimal Classification
Koha item type Books
Holdings
Withdrawn status Lost status Source of classification or shelving scheme Damaged status Not for loan Home library Current library Shelving location Date acquired Cost, normal purchase price Total Checkouts Full call number Barcode Date last seen Copy number Price effective from Koha item type
    Dewey Decimal Classification     Central Library, Naharkatiya College Central Library, Naharkatiya College General Stacks 21/10/2020 100.00   371.9046 SEN 28526 21/10/2020 1 21/10/2020 Books
    Dewey Decimal Classification     Central Library, Naharkatiya College Central Library, Naharkatiya College General Stacks 21/10/2020 100.00   371.9046 SEN 28527 21/10/2020 2 21/10/2020 Books

Naharkatiya College © 2020. All rights reserved.

Powered By